Case of Escherichia Coli Antibiotic resistance in chicken at khvav Commune, Samraong District, takeo province, ករណី Escherichia Coli ស៊ាំនឹងឳសថអង់ទីប៊ីយ៉ូទិកលើមាន់ នៅឃុំខ្វាវ ស្រុកសំរោង ខេត្តតាកែវ​​​ (Record no. 24767)

000 -LEADER
fixed length control field 00560nam a22001097a 4500
040 ## - CATALOGING SOURCE
Transcribing agency RUA
082 ## - DEWEY DECIMAL CLASSIFICATION NUMBER
Classification number VEM PHO 2024 B1.330 Or.1
245 ## - TITLE STATEMENT
Title Case of Escherichia Coli Antibiotic resistance in chicken at khvav Commune, Samraong District, takeo province, ករណី Escherichia Coli ស៊ាំនឹងឳសថអង់ទីប៊ីយ៉ូទិកលើមាន់ នៅឃុំខ្វាវ ស្រុកសំរោង ខេត្តតាកែវ​​​
260 ## - PUBLICATION, DISTRIBUTION, ETC. (IMPRINT)
Place of publication PHNOM PENH
Name of publisher RUA
Year of publication 2024
300 ## - PHYSICAL DESCRIPTION
Number of Pages ix,
Other physical details ill,
Dimensions 2024
942 ## - ADDED ENTRY ELEMENTS (KOHA)
Koha item type VEM
952 ## - LOCATION AND ITEM INFORMATION (KOHA)
Withdrawn status [LOCAL, KOHA] 0
952 ## - LOCATION AND ITEM INFORMATION (KOHA)
Withdrawn status [LOCAL, KOHA] 0
Holdings
Permanent Location Date acquired Koha item type Lost status Shelving location Barcode Current Location Full call number
Library Block B2025-04-30VEM B1.330A083493Library Block BVEM PHO 2024 B1.330 Or.1
Library Block B2025-04-30VEM B1.330A083508Library Block BVEM PHO 2024 B1.330 Or.2
មជ្ឈមណ្ឌលឯការនៃសាកលវិទ្យាល័យភូមិន្ទកសិកម្មចំការដូង

Powered by Koha